Organizational behavior : (Record no. 4561)
[ view plain ]
| 000 -LEADER | |
|---|---|
| fixed length control field | 00935cac a22002535a 4500 |
| 008 - FIXED-LENGTH DATA ELEMENTS--GENERAL INFORMATION | |
| fixed length control field | 081109t1995 xxuk f 000 0 eng d |
| 010 ## - LIBRARY OF CONGRESS CONTROL NUMBER | |
| LC control number | 90007418 |
| 020 ## - INTERNATIONAL STANDARD BOOK NUMBER | |
| International Standard Book Number | 0131827596 |
| 040 ## - CATALOGING SOURCE | |
| Original cataloging agency | EG-ScBUE |
| Language of cataloging | eng |
| 082 04 - DEWEY DECIMAL CLASSIFICATION NUMBER | |
| Classification number | 658.3 |
| Item number | KOL |
| Edition number | 22 |
| 245 04 - TITLE STATEMENT | |
| Title | Organizational behavior : |
| Remainder of title | an experiential approach / |
| Statement of responsibility, etc | David A. Kolb, Irwin M. Rubin, Joyce S. Osland. |
| 250 ## - EDITION STATEMENT | |
| Edition statement | 6th ed. |
| 260 ## - PUBLICATION, DISTRIBUTION, ETC. (IMPRINT) | |
| Place of publication, distribution, etc | New Jersey. : |
| Name of publisher, distributor, etc | Prentice-Hall International, |
| Date of publication, distribution, etc | c.1995. |
| 300 ## - PHYSICAL DESCRIPTION | |
| Extent | xxvi, 646 p. : |
| Other physical details | forms, tables ; |
| Dimensions | 28 cm. |
| 500 ## - GENERAL NOTE | |
| General note | Rev. ed. of: Organizational psychology / David A. Kolb, Irwin M. Rubin, Joyce S. Osland. 4th ed. c1984. |
| 500 ## - GENERAL NOTE | |
| General note | "Designed to be used with the text/workbook: Organizational behavior"--Pref. |
| 504 ## - BIBLIOGRAPHY, ETC. NOTE | |
| Bibliography, etc | Includes bibliographical references. |
| 590 ## - LOCAL NOTE (RLIN) | |
| Local note | SAMEH |
| 650 #0 - SUBJECT ADDED ENTRY--TOPICAL TERM | |
| Topical term or geographic name as entry element | Psychology |
| Source of heading or term | BUEsh |
| General subdivision | Industrial. |
| 650 #0 - SUBJECT ADDED ENTRY--TOPICAL TERM | |
| Topical term or geographic name as entry element | Organizational behavior. |
| Source of heading or term | BUEsh |
| 651 ## - SUBJECT ADDED ENTRY--GEOGRAPHIC NAME | |
| Source of heading or term | BUEsh |
| 653 ## - INDEX TERM--UNCONTROLLED | |
| Resource For college | BAEPS, Business Administration |
| 942 ## - ADDED ENTRY ELEMENTS (KOHA) | |
| Source of classification or shelving scheme | Dewey Decimal Classification |
| Withdrawn status | Item status | Source of classification or shelving scheme | Damaged status | Not for loan | Home library | Current library | Shelving location | Date acquired | Source of acquisition | Total Checkouts | Total Renewals | Full call number | Barcode | Date last seen | Date last borrowed | Koha item type |
|---|---|---|---|---|---|---|---|---|---|---|---|---|---|---|---|---|
| Dewey Decimal Classification | Central Library | Central Library | First floor | 07/09/2009 | Purchase | 5 | 9 | 658.3 KOL | 000005676 | 15/07/2025 | 06/12/2016 | Book - Borrowing | ||||
| Dewey Decimal Classification | Central Library | Central Library | First floor | 07/09/2013 | Purchase | 2 | 3 | 658.3 KOL | 000005651 | 15/07/2025 | 09/03/2023 | Book - Borrowing |